Abécédaire de chansons de Charles Trenet - Statistiques

Statistiques générales
  • Ce quiz a été pris 21 fois
  • Le résultat moyen est 27 sur 68
Statistiques - réponses
Hint Réponse % Correct
Q R Que {reste}-t-il de nos amours ?
100%
Y J Y'a d'la {joie}
100%
R N La route {Nationale} 7
93%
E E L'{école} buissonnière
93%
T P Tiens, il {pleut}
93%
S S Le {soleil} et la lune
87%
U N Un air qui vient de chez {nous}
87%
B J Bonsoir, {jolie} madame
80%
G G Le {grand} café
80%
P T Près de {toi} mon amour
80%
V P Vous qui {passez} sans me voir
80%
Y M Y'a {ma} Kamabah
80%
D D {Débit} de l'eau, débit de lait
73%
D D {Douce} France
73%
E O En Seine-et-{Oise}
73%
C C La chance aux {chansons}
73%
A A L'{âme} des poètes
73%
F F Les {feux} de la Saint-Jean
73%
C B C'est {bon}
67%
B B {Boum} !
60%
C C {Coin} de rue
60%
I A Il reviendra ce grand {amour}
60%
A G A la porte du {garage}
53%
I C Il pleut dans ma {chambre}
53%
J C Je {chante}
53%
N E Le Noël des {enfants} noirs
53%
F F Les {filles} de chez nous
53%
O D Où sont-ils {donc} ?
53%
L D Les lève-tôt du {dimanche}
47%
M M Moi, j'aime le {music-hall}
47%
M M La {mer}
40%
V C Vous oubliez votre {cheval}
40%
F C La folle {complainte}
33%
P P La {polka} du roi
33%
P P Le {piano} de la plage
33%
J D La java du {diable}
27%
R R La {romance} de Paris
27%
O O Les {oiseaux} de Paris
27%
N N {Nuits} d'hiver
27%
R E La route {enchantée}
20%
H M L'histoire d'un {monsieur}
20%
S S {Swing} troubadour
20%
K K {Kangourou}
13%
A H L'abbé à l'{harmonium}
13%
J S La jolie {sardane}
13%
T T La {tarentelle} de Caruso
13%
V M La vieille {marquise}
13%
B L Le bateau-{lavoir}
13%
H H L'{horrible} tango
13%
N N {Narbonne} mon amie
13%
O P Ohé {Paris}
13%
Q F Quand un {facteur} s'envole
13%
G G Les {gendarmes} s'endorment sous la pluie
7%
H H L'{héritage} infernal
7%
Q D Quand {descend} le soir
7%
S S {Sérénade} portugaise
7%
U V Une {vache} sur un mur
7%
Y G Y'a un {grillon} dans ma maison
7%
D P Dans les {pharmacies}
0%
E A En {avril) à Paris
0%
I T Il faudrait {toujours}
0%
L D Laisse courir tes {doigts}
0%
G H Les grands bonheurs {humains}
0%
T V Le temps qui passe nous a {volés}
0%
L L {Liberté} de Paris
0%
M V Mon {village) englouti
0%
U B Un petit {béguin} pour le dimanche
0%
Z Z {Zéphyr}
0%
Aucun quiz correspondant
Distribution des résultats
% des personnes avec chaque résultat
Percentile par nombre de réponses
Votre historique - résultats
Vous n’avez pas pris ce quiz